"Trains Across The Sea" - Silver Jews - Statistics

General Stats
  • This quiz has been taken 26 times
  • The average score is 111 of 139
Answer Stats
Lyrics % Correct
A
100%
a
100%
And
100%
and
100%
at
100%
be
100%
by
100%
can
100%
I
100%
just
100%
me
100%
the
100%
to
100%
To
100%
beers
93%
drunk
93%
in
93%
In
93%
sea
93%
they
93%
thousand
93%
was
93%
across
87%
against
87%
can't
87%
crying
87%
dream
87%
home
87%
I've
87%
like
87%
see
87%
stand
87%
trains
87%
Trains
87%
wash
87%
years
87%
you
87%
27
80%
back
80%
fifty
80%
from
80%
no
80%
of
80%
so
80%
When
80%
you're
80%
all
73%
attack
73%
been
73%
day
73%
got
73%
how
73%
It's
73%
long
73%
old
73%
on
73%
Penicillin
73%
pier
73%
Please
73%
Scotch
73%
something
73%
Troubles
73%
troubles
73%
try
73%
evening
67%
Her
67%
into
67%
lady
67%
line
67%
name
67%
Shady
67%
she
67%
there
67%
took
67%
What
67%
wrong
67%
black
60%
Carlton
60%
cold
60%
don't
60%
Drag
60%
hanger
60%
husbands
60%
know
60%
maple
60%
met
60%
run
60%
said
60%
surprise
60%
sleep
53%
are
47%
down
47%
Earth
47%
Half
47%
hours
47%
Sides
47%
That
47%
worth
47%
gravity
40%
Sin
40%
No matching quizzes found
Score Distribution
Percent of People with Each Score
Percentile by Number Answered
Your Score History
You have not taken this quiz